00752nam a22001937a 450000500170000000800410001702000150005802000180007305000160009108200160010710000350012324500670015826000290022530000360025450400340029050501770032465000220050165000350052320231102152000.0160924s2012 mx a|||fr|||| 00| 0 spa d a6077583510 a9786077583516 4aHF3690bS55 4a382.7bS37f1 aSilva Juárez, Ernestoeautor10aFranquicias para pasajeros en TLCANc / Ernesto Silva Juárez3 aMéxicob: Pacjc, 2012 a351 páginasb : ilustraciones aBibliografía: (pp. 348-350) aFranquicias para viajeros que ingresan a México Franquicias para viajeros que ingresan a los Estados Unidos de América Franquicias para viajeros que ingresan a Canadá14aADUANASxMANUALES24aARANCELES DE ADUANASxMANUALES